|
|
|
|
| LEADER |
00000nam a2200000Ii 4500 |
| 001 |
DIGDEU1512 |
| 003 |
NyNyDIG |
| 006 |
m o d |
| 007 |
cr ||||||||||| |
| 008 |
130101s2007 sp ob 000 0 spa d |
| 020 |
|
|
|a 9788498307054
|q (eBook)
|
| 020 |
|
|
|z 9788498300826
|
| 020 |
|
|
|z 8498300827
|
| 035 |
|
|
|a (OCoLC)888264113
|
| 040 |
|
|
|a DGITA
|b eng
|e pn
|c DGITA
|
| 043 |
|
|
|a e-sp---
|
| 050 |
1 |
4 |
|a SB484.S6 eBook
|
| 050 |
1 |
4 |
|a DP302.G86 eBook
|
| 100 |
1 |
|
|a Urzainqui Miqueleiz, Asunción,
|d 1946-
|
| 245 |
1 |
0 |
|a De montes, parzonerías y parques naturales :
|b Comunidades de Montes en Gipuzkoa : Las Parzonerías /
|c Asunción Urzainki Mikeleiz.
|
| 250 |
|
|
|a 2. ed.
|
| 264 |
|
1 |
|a San Sebastián :
|b Universidad de Deusto,
|c 2007.
|
| 300 |
|
|
|a 1 online resource (343 pages) :
|b ill.
|
| 336 |
|
|
|a text
|b txt
|2 rdacontent
|
| 337 |
|
|
|a computer
|b c
|2 rdamedia
|
| 338 |
|
|
|a online resource
|b cr
|2 rdacarrier
|
| 490 |
1 |
|
|a Serie Humanidades ;
|v vol. 12
|
| 500 |
|
|
|a First published: San Sebastián: Universidad de Deusto, 1987.
|
| 504 |
|
|
|a Includes bibliographical references (p. 297-310) and index.
|
| 650 |
|
0 |
|a Forests and forestry
|z Spain
|z Guipúzcoa
|
| 650 |
|
0 |
|a National parks and reserves
|z Spain
|z Guipúzcoa
|
| 651 |
|
0 |
|a Guipúzcoa (Spain)
|x Geography.
|
| 651 |
|
0 |
|a Guipúzcoa (Spain)
|x History, Local.
|
| 655 |
|
0 |
|a Electronic books.
|
| 791 |
2 |
|
|a Digitalia (Firm),
|e distributor.
|
| 830 |
|
0 |
|a Serie Humanidades (Universidad de Deusto. Sede en San Sebastián) ;
|v v. 12.
|
| 793 |
0 |
|
|g Digitalia eBook Collection:
|a Universidad de Deusto.
|
| 856 |
4 |
0 |
|3 Digitalia Hispánica
|u https://www.digitaliapublishing.com/a/18097/
|
| 910 |
|
|
|a Premium Collection: 2007-2012
|